• 首页
  • 本馆介绍
  • 公告通知
  • 最新文献
  • 馆藏检索
  • 电子资源
  • 读者导购
  • 参考咨询
  • 我的图书馆
  • 登录
  • 详细信息显示
  • 放入我的书架
  • 预约/预借图书
  • 作者相关作品
  • 分类相关作品
  • 丛书相关作品
  • 出版社相关作品

书目信息

  • 表格格式
  • 工作单格式
  • 卡片格式
题名:
天津的方言俚语
    
 
作者: 来新夏 主编 ;李世瑜 编著
分册:  
出版信息: 天津   天津古籍出版社  2004
页数: 193页
开本: 20cm
丛书名: 天津建卫六百周年
单 册:
中图分类: H172.1
科图分类:
主题词: 俚语--天津 , 北方方言--天津
电子资源:
ISBN: 7-80696-031-7
000 00982nam0 2200289 45
001 0900000037570
005 20051209083524.42
010    @a7-80696-031-7@dCNY11.00
092    @aCN
100    @a20050714d2004 ekmy0chiy0120 ea
101 0  @achi
102    @aCN@b120000
105    @ab z 000yy
200 1  @a天津的方言俚语@9tian jin de fang yan li yu@f来新夏主编@Flai xin xia zhu bian@g李世瑜编著
210    @a天津@c天津古籍出版社@d2004
215    @a193页@c照片@d20cm
225 2  @a天津建卫六百周年
330    @a本书上篇为天津方言俚语概论,内容包括什么是天津方言、天津方言岛、天津方言语源的田野工作考察、天津方言的比较研究等;下篇为方言俚语选集,内容包括天津方言词汇、成语、谚语和歇后语。
410  0 @12001 @a天津建卫六百周年
606 0  @a俚语@y天津
606 0  @a北方方言@y天津
690    @aH172.1@v4
701  0 @a来新夏@Alai xin xia@4主编
702  0 @a李世瑜@9li shi yu@4编著
801  0 @aCN@bCXYBOOK@c20051209
905    @a10447@dH172.1@e17
999    @aYYW@eJDD
    
    天津的方言俚语/来新夏主编/李世瑜编著.-天津:天津古籍出版社,2004
    193页:照片;20cm.-(天津建卫六百周年)
    
    
    ISBN 7-80696-031-7:CNY11.00
    本书上篇为天津方言俚语概论,内容包括什么是天津方言、天津方言岛、天津方言语源的田野工作考察、天津方言的比较研究等;下篇为方言俚语选集,内容包括天津方言词汇、成语、谚语和歇后语。
●
相关链接 在E读中查询图书 在五车中查询图书 在当当中查询图书 在豆瓣中查询图书


正题名:天津的方言俚语     索取号:H172.1/17         预约/预借

序号 登录号 条形码 馆藏地/架位号 状态 备注
1 0370625   203706258   第二样本阅览室/ [索取号:H172.1/17] 在馆    
2 0370626   203706267   第四借阅区/ [索取号:H172.1/17] 在馆    
3 0370627   203706276   第四借阅区/ [索取号:H172.1/17] 在馆    
4 0370628   203706285   第四借阅区/ [索取号:H172.1/17] 在馆    
5 0370629   203706294   第四借阅区/ [索取号:H172.1/17] 在馆    
唐山师范学院图书馆 欢迎您!
大连网信软件有限公司© 版权所有